LDR 00747naa#a2200205#i#450# 001 EN\\bibl\121769 005 20260429221809.3 011 ## _a2072-9502 100 ## _a20260427b2026####ek#y0engy0150####ca 102 ## _aRU 200 1# _aOn the generation of 12-channel electrocardiograms based on a hybrid of diffusion and graph neural network models _eJournal article 210 1# _aAstrakhan _cAstrakhan State Technical University _d2026 215 ## _a7 с. 608 ## _aJournal article _2local 675 ## _aИскусственный интеллект. 004.8 _z 700 #1 _aSchetinin _gEvgeniy Yur'evich 700 #1 _aPestryakova _gAnna Vyacheslavovna 700 #1 _aShatalova _gJulia Georgievna 700 #1 _aShevchuk _gAndrey Andreevich 856 4# _avestnik.astu.org _u